000 00909cab a2200265 4500
001 ##L134660
008 060823n2006 000 0 eng u
035 _a(Sirsi) u134660
041 0 _aeng
100 1 _aNorwood, Graham
245 0 0 _aFocus
_boverseas
260 _c2006
490 0 _aEstates Gazette
_v(0633) 19 August 2006, 77-93(14)
520 _aLooks at the overseas property market, including the purchase of holiday homes abroad, expansion of Anglo-American property firms into South America, the growth of the software development industry in India, foreign investment in Abu Dhabi and a focus on Miller Developments.
590 _aIKA230806
651 4 _aINDIA
651 4 _aSOUTH AMERICA
651 4 _aABU DHABI
690 _aPROPERTY
700 1 _aCunningham, Daniel
700 1 _aKivlehan, Noella Pio
700 1 _aElghamry, Nadia
700 1 _aMorrison, Adrian
942 _n0
999 _c77610
_d77610